Zpěvník církve československé /

Hlavní autor: Trtík, Zdeněk, 1914-1983
Korporativní autor: Blahoslav (nakladatelství)
Další autoři: Šimšík, Ladislav, 1907-1967, Ungermann, Otakar
Jazyk: Čeština
Vydáno: Praha : Ústřední církevní nakladatelství, 1959
Vydání: 2. vyd.
Fyzický popis: 660 s.
Knihy
Uloženo v:
LEADER 00902nam a22002532a 4500
001 000970251
003 CZ BrMZK
005 20100607160712.0
007 ta
008 091009s1959 xr er|||||||||||cze d
040 |a BOA001  |b cze 
100 1 |a Trtík, Zdeněk,  |d 1914-1983  |7 jk01140225  |4 com 
245 1 0 |a Zpěvník církve československé /  |c uspořádali Zd. Trtík, O. Ungermann, L. Šimšík ; předmluva: F. Kovář 
250 |a 2. vyd. 
260 |a Praha :  |b Ústřední církevní nakladatelství,  |c 1959 
300 |a 660 s. 
550 |a Vydavatel: Blahoslav 
700 1 |a Šimšík, Ladislav,  |d 1907-1967  |7 kpwa4865  |4 com 
700 1 |a Ungermann, Otakar  |7 kpwa4983  |4 com 
710 2 |a Blahoslav (nakladatelství)  |7 ko2004251297 
910 |a BOA001  |b 1-0396.226-59 
990 |a BK 
991 |b 200910 
996 6 |b 2619419764  |c 1-0396.226-59  |l MZK  |r Sklad / do 1 hodiny  |n 0  |w 000970251  |u 000010  |a 1  |e BOA001  |j MZK50  |s P